The strategy of conflict / (Record no. 133168)
[ view plain ]
| 000 -LEADER | |
|---|---|
| fixed length control field | 00895cam a2200313 a 4500 |
| 001 - CONTROL NUMBER | |
| control field | 1000240 |
| 003 - CONTROL NUMBER IDENTIFIER | |
| control field | BD-DhUL |
| 005 - DATE AND TIME OF LATEST TRANSACTION | |
| control field | 20161208161214.0 |
| 008 - FIXED-LENGTH DATA ELEMENTS--GENERAL INFORMATION | |
| fixed length control field | 910729s1980 maua 001 0 eng |
| 010 ## - LIBRARY OF CONGRESS CONTROL NUMBER | |
| LC control number | 60011560 /L/r74 |
| 020 ## - INTERNATIONAL STANDARD BOOK NUMBER | |
| International Standard Book Number | 0674840305 (cloth) |
| 020 ## - INTERNATIONAL STANDARD BOOK NUMBER | |
| International Standard Book Number | 0674840313 (paper) |
| 035 ## - SYSTEM CONTROL NUMBER | |
| System control number | (OCoLC)55066302 |
| 035 ## - SYSTEM CONTROL NUMBER | |
| System control number | (OCoLC)ocm55066302 |
| 035 ## - SYSTEM CONTROL NUMBER | |
| System control number | (NNC)1000240 |
| 040 ## - CATALOGING SOURCE | |
| Modifying agency | CSt |
| -- | CLSL |
| -- | CLSL |
| -- | BD-DhUL |
| Transcribing agency | BD-DhUL |
| 050 0# - LIBRARY OF CONGRESS CALL NUMBER | |
| Classification number | BF637.N4 |
| Item number | S3 |
| 082 ## - DEWEY DECIMAL CLASSIFICATION NUMBER | |
| Classification number | 519.9 |
| Item number | SCS |
| 090 ## - LOCALLY ASSIGNED LC-TYPE CALL NUMBER (OCLC); LOCAL CALL NUMBER (RLIN) | |
| Classification number (OCLC) (R) ; Classification number, CALL (RLIN) (NR) | BF637.N4 |
| Local cutter number (OCLC) ; Book number/undivided call number, CALL (RLIN) | S3 1980 |
| 100 1# - MAIN ENTRY--PERSONAL NAME | |
| Personal name | Schelling, Thomas C., |
| Dates associated with a name | 1921- |
| 245 14 - TITLE STATEMENT | |
| Title | The strategy of conflict / |
| Statement of responsibility, etc. | Thomas C. Schelling. |
| 260 ## - PUBLICATION, DISTRIBUTION, ETC. (IMPRINT) | |
| Place of publication, distribution, etc. | Cambridge, Mass. : |
| Name of publisher, distributor, etc. | Harvard University, |
| Date of publication, distribution, etc. | c1980. |
| 300 ## - PHYSICAL DESCRIPTION | |
| Extent | vii, 309 p. : |
| Other physical details | ill. ; |
| Dimensions | 22 cm. |
| 500 ## - GENERAL NOTE | |
| General note | Includes index. |
| 650 #0 - SUBJECT ADDED ENTRY--TOPICAL TERM | |
| Topical term or geographic name as entry element | Negotiation. |
| 650 #0 - SUBJECT ADDED ENTRY--TOPICAL TERM | |
| Topical term or geographic name as entry element | Games of strategy (Mathematics) |
| 942 ## - ADDED ENTRY ELEMENTS (KOHA) | |
| Source of classification or shelving scheme | |
| Koha item type | Books |
| Price effective from | Date last seen | Permanent Location | Not for loan | Date acquired | Source of classification or shelving scheme | Koha item type | Collection code | Barcode | Shelving location | Lost status | Damaged status | Withdrawn status | Current Location | Full call number |
|---|---|---|---|---|---|---|---|---|---|---|---|---|---|---|
| 2016-12-08 | 2016-12-08 | Dhaka University Library | 2016-12-08 | Books | Non Fiction | A460872 | General Stacks | Dhaka University Library | 519.9 SCS | |||||
| 2016-12-08 | 2016-12-08 | Dhaka University Library | 2016-12-08 | Books | Non Fiction | 460873 | General Stacks | Dhaka University Library | 519.9 SCS |
